Swamy's Handbook 1983 for Central Government Servants (Record no. 7195)
[ view plain ]
| 000 -LEADER | |
|---|---|
| fixed length control field | 00524nam a2200169Ia 4500 |
| 003 - CONTROL NUMBER IDENTIFIER | |
| control field | IN-BaIIA |
| 008 - FIXED-LENGTH DATA ELEMENTS--GENERAL INFORMATION | |
| fixed length control field | 211028s9999 xx 000 0 eng d |
| 040 ## - CATALOGING SOURCE | |
| Transcribing agency | IIA Library |
| 080 ## - UNIVERSAL DECIMAL CLASSIFICATION NUMBER | |
| Universal Decimal Classification number | 658.31 |
| Item number | MUT |
| 100 ## - MAIN ENTRY--PERSONAL NAME | |
| Personal name | Muthuswamy, P |
| 9 (RLIN) | 7319 |
| 245 #0 - TITLE STATEMENT | |
| Title | Swamy's Handbook 1983 for Central Government Servants |
| Statement of responsibility, etc. | P. Muthuswamy |
| 260 ## - PUBLICATION, DISTRIBUTION, ETC. | |
| Place of publication, distribution, etc. | Madras |
| Name of publisher, distributor, etc. | Swamy Publishers |
| Date of publication, distribution, etc. | 1983 |
| 300 ## - PHYSICAL DESCRIPTION | |
| Extent | 127p. |
| 650 ## - SUBJECT ADDED ENTRY--TOPICAL TERM | |
| Topical term or geographic name entry element | Central Government Rules |
| 9 (RLIN) | 7081 |
| 650 ## - SUBJECT ADDED ENTRY--TOPICAL TERM | |
| Topical term or geographic name entry element | Others Thesaurus |
| 9 (RLIN) | 637 |
| 942 ## - ADDED ENTRY ELEMENTS (KOHA) | |
| Koha item type | Books |
| Withdrawn status | Lost status | Damaged status | Not for loan | Home library | Current library | Shelving location | Date acquired | Cost, normal purchase price | Total Checkouts | Full call number | Barcode | Date last seen | Cost, replacement price | Price effective from | Koha item type | Purchase Price |
|---|---|---|---|---|---|---|---|---|---|---|---|---|---|---|---|---|
| IIA Library-Bangalore | IIA Library-Kodaikanal | General Stacks | 14/10/1982 | 15.00 | 658.31/MUT | 7995 | 05/11/2021 | 15.00 | 14/10/1982 | Books | Rs. 15.00 |